Най-голямата тайна на света (Запис номер 545191)
[ съкратено ]
| 000 -Лидер | |
|---|---|
| Лидер | 01106nam a2200277 a 4500 |
| 003 - Код на организацията, давaща контролен номер | |
| Код на организацията, даваща контролен номер | BLK |
| 005 - Дата и час на последна редакция | |
| Дата и час на последна редакция | 20250711143704.0 |
| 008 - Елементи от данни с фиксирана дължина | |
| Елементи с фиксирана дължина | 220513b bu |||||r|||| 00| | bu d |
| 020 ## - Международен стандартен номер на книга ISBN | |
| ISBN | 9786192511951 |
| 040 ## - Източник на каталожния запис | |
| Код на библиотеката | BLK |
| 041 ## - Код за език | |
| Език | Български |
| Език за КДБФ | Български |
| 080 ## - УДК | |
| УДК текст | Американска литература (на САЩ) |
| УДК код | 821.111(73) |
| УДК – определител | -93-31 |
| УДК – код + определител | 821.111(73)-93-31 |
| 084 ## - Класификационен индекс по друга класификация | |
| Авторски знак | Ковач - К 72 |
| 100 ## - Редна дума - Автор | |
| R(LIN) | 491300 |
| Автор | Ковън, Уанда |
| 245 ## - Сведения за заглавието | |
| Заглавие | Най-голямата тайна на света |
| Авторска отговорност | Уанда Ковън ; ил. Анна Абрамская; прев. от англ. Елена Павлова |
| 260 ## - Област на издателските данни | |
| 9 (RLIN) | 212075 |
| Място на издаване | София |
| Име на издателя | Хеликон |
| Година на издаване | 2024 |
| Издателство - префикс ISBN | 978-954-2984- ; 954-9786- ; 954-8197- |
| 300 ## - Физическа характеристика | |
| Брой страници | 364 с. |
| Илюстрации | с ил. |
| Размер | 22 см |
| 380 ## - Жанр | |
| Жанр | Детска худож. лит. |
| 490 ## - СЕРИИ (Колекции) | |
| 9 (RLIN) | 498504 |
| Серия | Ново училище и други бедствия |
| Номер в серията | Кн. 3 |
| 700 ## - Други автори (авторска отговорност) | |
| 9 (RLIN) | 491301 |
| Друг автор | Абрамская, Анна |
| Авт. отговорност на др. автор | ил. |
| 700 1# - Други автори (авторска отговорност) | |
| Друг автор | Павлова, Елена Павлова |
| 9 (RLIN) | 105453 |
| 942 ## - АРТИКУЛИ | |
| Вид на библиотечния документ | Книги |
| Скрит в OPAC | Не |
| Периодичен библиозапис | Да |
| Koha issues (borrowed), all copies | 9 |
| 944 ## - СЪЗДАВАНЕ И РЕДАКЦИЯ на ЗАПИСА | |
| Дата на регистрацията/редакция | Нора Радева |
| Служител, извършил регистрацията/редакцията | 30545 |
| Номер на служител | Нора Радева |
| 999 ## - СИСТЕМНИ КОНТРОЛНИ НОМЕРА | |
| Koha biblionumber | 545191 |
| Koha biblioitemnumber | 545191 |
| 999 ## - СИСТЕМНИ КОНТРОЛНИ НОМЕРА | |
| Koha biblioitemnumber | 545191 |
Няма налични копия.